000 00950namaa2200289 a 4500
001 vtls001296115
003 NLI
005 20210603182004.0
008 120418s1978 dcua i000 0 eng
039 9 _y201204181845
_zVLOAD
040 0 _aNLI
_cVTLS-2012_FOD
_eAACR2
041 0 _aeng
044 _adcu
082 0 4 _a575.9
100 1 _aKukachka, B. F.
_9617753
245 1 0 _aWood anatomy of the neotropical sapotaceae :
_bII. Mastichodendron/
_cby B. F. Kukachka
260 _aWashington, D.C. :
_bUnited States Government Printing Office,
_c1978
300 _a8 p. :
_bill. ;
_c24 cm.
440 0 _aResearch Paper FPL ;
_v326
_9608476
650 0 _aWood anatomy
_9608477
650 0 _aPsychology
_xWood
_9608478
710 1 _aUnited States.
_bForeset Products laboratory forest Service.
_bDepartment of Agriculture.
_9673831
887 _a
901 _aAD 155518
_b13.11.2010
902 _aU.S 575.9 K 958
942 _2ddc
_cBKS
999 _aVIRTUA40
_c552012
_d552012